Droit constitutionnel des États d'Europe de l'Est

Salvato in:
Dettagli Bibliografici
Autore principale: Massias, Jean-Pierre
Natura: Libro
Lingua:francese
Pubblicazione: Paris Presses Universitaires de France 2008
Edizione:2e entièrement revue éd.
Serie:Collection droit fondamental
Soggetti:
Tags: Aggiungi Tag
Nessun Tag, puoi essere il primo ad aggiungerne!!

MARC

LEADER 00000nam a2200000 4500
001 0146928
005 20240226090547.0
020 |a 978-2-13-055775-3 
041 0 |a fre 
044 |a FR 
245 1 0 |a Droit constitutionnel des États d'Europe de l'Est  |c Jean-Pierre Massias 
250 |a 2e entièrement revue éd. 
264 1 |a Paris  |b Presses Universitaires de France  |c 2008 
300 |a 919 s. 
490 1 |a Collection droit fondamental 
830 0 |a Collection droit fondamental 
610 2 0 |a právo ústavné 
610 2 0 |a Európa 
610 2 0 |a východná Európa 
610 2 0 |a Rusko 
610 2 0 |a Ukrajina 
610 2 0 |a Poľsko 
610 2 0 |a Bulharsko 
610 2 0 |a Rumunsko 
610 2 0 |a Kaukaz 
610 2 0 |a Ázia 
610 2 0 |a Moldavsko 
100 1 |a Massias, Jean-Pierre